zpět

Detail výsledku týmu

Kyjovský pivovar, Kyjov

Datum a čas kvízu

28.5 Celkem bodů Celkový počet nahraných bodů na tomto kvízu bez doplňovacích otázek.
9. Pořadí na kvízu Konečné umístění týmu na tomto kvízu.

Zaznamenané odpovědi

# Otázka Odpověď Body Výsledky
1. Který politik obdržel minulý t... Tomio Okamura 1
2. Americká influencerka Gwyneth... Robertem Ficem 1
3. Minulý týden jsme se dozvěděli... Yungblud 1
4. V pátek byla oznámena fúze dvo... Paramount (Skydance), Warner Bros. (Discovery) 0.5
5. Jak se jmenuje fotbalista, kte... Vladimír Darida 0
6. Zatímco v českých atlasech ten... Iberové 0
7. Vyberte správné tvrzení týkají... B 0
8. Červeně vyznačená oblast na se... Baskicko, Bilbao 0
9. Jak se jmenuje portugalský mys... C 0
10. Poslední otázka se týká města... Porto 0